| 000 | 00570nam a22001337a 4500 | ||
|---|---|---|---|
| 999 |
_c80232 _d80232 |
||
| 008 | 201130b ||||| |||| 00| 0 eng d | ||
| 040 |
_bger _cSTAFF _erda _aSTAFF |
||
| 245 |
_aCorona lähmt gemeinsamen Ausschuss _bPandemie: Das Gremium der Doppelstadt tagte 2020 erst zweimal. Videokonferenzen sollen bald Abhilfe schaffen. _cnmw |
||
| 773 |
_dFrankfurt (Oder): Märkisches Verlags- und Druckhaus GmbH & Co KG _g31. Jahrgang (2020) Nr. 277 vom 27.11.2020, S. 13 _tMärkische Oderzeitung |
||
| 942 | _cA | ||